000 00980nam a2200229 a 4500
001 000039856
005 20201002033755.0
008 130725s2001 sp 001 0 spa d
020 _a8400079256
245 0 0 _aBarlaam et iosaphat :
_bversión vulgata latina /
_ccon la traducción castellana de Juan de Arce Solorceno (1608); edición de Oscar de la Cruz Palma.
260 _aMadrid :
_bConsejo Superior de Investigaciones Científicas,
_c2001.
300 _a586 p. ; :
_bil. ;
_c26 cm.
490 1 _aNueva Roma : bibliotheca graeca et latina aevi posterioris
_v12
500 _aIncluye índice
504 _aIncluye referencias bibliográficas y notas al pie de las páginas
504 _aBibliografía : p. 91-103
546 _aBarlaam et Iosaphat. Latín
700 1 _aCruz Palma, Óscar Luis de la,
_eed.
_966052
700 1 _aArce Solorceno, Juan de,
_eed.
_966053
830 0 _aNueva Roma : bibliotheca graeca et latina aevi posterioris
_v12
_966042
999 _c39346
_d39346
040 _aDO-SdBNP